| 000 | 01101 am a22003135a 4500 | ||
|---|---|---|---|
| 001 | 016583897 | ||
| 003 | OSt | ||
| 005 | 20201128024142.0 | ||
| 008 | 131210t2014 enka frb 001 0 eng d | ||
| 020 | _a9781292040110 | ||
| 040 |
_aUkOxU _beng _cUkOxU _dUk _dEG-ScBUE |
||
| 082 | 0 | 4 |
_222 _a339 _bOSU |
| 100 | 1 |
_aO'Sullivan, Arthur. _917757 |
|
| 245 | 1 | 0 |
_aMacroeconomics : _bprinciples, applications and tools / _cO'Sullivan, Sheffrin, Perez. |
| 250 | _a8th ed., Pearson new international ed. | ||
| 260 |
_aHarlow : _bPearson Education Limited, _cc.2014. |
||
| 300 |
_aii, 380 p. : _bill. ; _c28 cm. |
||
| 490 | 0 | _aPearson custom library | |
| 500 | _aPublication date from publisher's website. | ||
| 500 | _aAdapted for use outside U.S. and Canada from the standard eighth edition, ©2014. | ||
| 504 | _aIncludes bibliographical references and index. | ||
| 650 | 7 |
_aMacroeconomics. _2BUEsh _91321 |
|
| 651 | _2BUEsh | ||
| 653 |
_bLLAAWW _cApril2017 |
||
| 690 | 7 |
_aManagement and Business Studies _2blcoll |
|
| 700 | 1 | _aSheffrin, Steven M. | |
| 700 | 1 |
_aPerez, Stephen J. _928733 |
|
| 942 | _2ddc | ||
| 999 |
_c24717 _d24689 |
||